UITU Library & LRC     

Mastering Com and Com+ (Record no. 31653)

MARC details
000 -LEADER
fixed length control field 00363nam a2200145Ia 4500
008 - FIXED-LENGTH DATA ELEMENTS--GENERAL INFORMATION
fixed length control field 251118s9999 xx 000 0 und d
020 ## - INTERNATIONAL STANDARD BOOK NUMBER
International Standard Book Number 8176561819
082 ## - DEWEY DECIMAL CLASSIFICATION NUMBER
Classification number 004.3 ROF
100 ## - MAIN ENTRY--PERSONAL NAME
Personal name Rofail, Ash
245 #0 - TITLE STATEMENT
Title Mastering Com and Com+
260 ## - PUBLICATION, DISTRIBUTION, ETC.
Place of publication, distribution, etc. New Delhi:
Name of publisher, distributor, etc. BPB Publications,
Date of publication, distribution, etc. 2000
300 ## - PHYSICAL DESCRIPTION
Extent xxvi, 693p.
600 ## - SUBJECT ADDED ENTRY--PERSONAL NAME
Personal name Software Components
942 ## - ADDED ENTRY ELEMENTS (KOHA)
Koha item type Gifted & Donated Books
Holdings
Withdrawn status Lost status Damaged status Not for loan Home library Current library Shelving location Date acquired Source of acquisition Total checkouts Full call number Barcode Date last seen Price effective from Koha item type Public note
        UITU Library UITU Library Gifted Books 11/18/2025 Gifted by Anonymous   004.3 ROF G375 11/18/2025 11/18/2025 Gifted & Donated Books Gifted by Anonymous

Powered by Koha